00674 2200253 4500001002100000005001700021008004100038020001800079035002400097082001100121090001800132100002400150245008500174260002600259300002400285650001600309700001800325850001500343980001300358985000600371986001300377999001500390999001500405YOGYA-0209000001472120090227022442.0 ind  a979-8620-46-4 0010-020900000014721 a343.04 a343.04bSum P aSUMITRO, H. Rokhmat aPajak ditinjau dari segi hukumcoleh H. Rochmat Soemitro ; editor, Tjun Surjaman aBandungbErescoc1991 aviii, 99 hlmc21 cm aHukum pajak aSuryaman, Cun aYOPDYOG(B) a01-08-05 a2 afwhrtrev a95P0074590 a95P0074591